| 000 | 00639nam a2200229Ia 4500 | ||
|---|---|---|---|
| 008 | 180523s9999 xx 000 0 und d | ||
| 020 | _a007-124794-7 | ||
| 050 | _aMAIN PE 1475 | ||
| 050 | _b.J86 2005 | ||
| 100 | _aJungk, Dale. | ||
| 245 | 0 | _aApplied writing for technicians / | |
| 245 | 0 | _cDale Jungk. | |
| 260 | _aNew York : | ||
| 260 | _bMcGraw-Hill, | ||
| 260 | _c2005 | ||
| 300 | _a974 pages : | ||
| 300 | _billustrations ; | ||
| 300 | _c27 cm. | ||
| 500 | _aIncludes index. | ||
| 650 | _aEnglish language -- Technical English -- Problems, exercises, etc. | ||
| 650 | _xTechnical writing -- Problems, exercises, etc. | ||
| 999 |
_c357390 _d357390 |
||